| 000 | 00349nam a2200133Ia 4500 | ||
|---|---|---|---|
| 008 | 220217s9999||||xx |||||||||||||| ||und|| | ||
| 020 | _a981-235-922-2 | ||
| 082 | _a005.13 WIN | ||
| 100 |
_aWinston, Henry Patrick _92846 |
||
| 245 | 0 | _aOn to C++ | |
| 260 |
_aPearson education _bDelhi _c1999 |
||
| 300 | _b180 | ||
| 650 | _aPROGRAMMING LANGUAGE | ||
| 999 |
_c170120 _d170120 |
||